Plan de implementación de un laboratorio para pruebas de enlaces de comunicación del sistema de control Ovation de Emerson
Gorde:
| Egile nagusia: | |
|---|---|
| Formatua: | Liburua |
| Hizkuntza: | Spanish |
| Argitaratua: |
[San José, Costa Rica]
2012
|
| Gaiak: | |
| Etiketak: |
Etiketa erantsi
Etiketarik gabe, Izan zaitez lehena erregistro honi etiketa jartzen!
|
MARC
| LEADER | 00000nam a22000007a 4500 | ||
|---|---|---|---|
| 003 | 011717 | ||
| 005 | 20221231143915.0 | ||
| 008 | 151002b2012 cr a|||| |||| 00| 0 spa d | ||
| 040 | |c cru CEDI | ||
| 090 | |a TFG 6887 | ||
| 100 | |9 1276 |a Montoya Méndez, Jaime | ||
| 245 | |a Plan de implementación de un laboratorio para pruebas de enlaces de comunicación del sistema de control Ovation de Emerson | ||
| 260 | |a [San José, Costa Rica] |c 2012 | ||
| 500 | |a "IE - 0502 Proyecto Eléctrico" Proyecto de graduación (bachillerato en ingeniería eléctrica)--Universidad de Costa Rica. Facultad de Ingeniería. Escuela de Ingeniería Eléctrica | ||
| 650 | |x SISTEMAS DE CONTROL |x SISTEMAS DE TRANSMISION DE DATOS |x REDES DE COMPUTADORAS - PROTOCOLOS |x PROCESAMIENTO DE SEÑALES |9 1277 | ||
| 942 | |c TFG | ||
| 999 | |c 14058 |d 14058 | ||
